000
00283nam a2200097Ia 4500
001
655260
005
20250826154533.0
008
250824s9999 xx 000 0 und d
245
0
_a
BEYAZ GECELER UYSAL KIZ ANTİK OKUL KLASİKLERİ
_c
DOSTOYEVSKİ
260
_b
ANTİK DÜNYA KLASİKLERİ
999
_c
655260
_d
655260